| 000 | 00965nam a2200325Ia 4500 | ||
|---|---|---|---|
| 003 | OSt | ||
| 005 | 20220912145118.0 | ||
| 006 | a|||||r|||| 00| 0 | ||
| 007 | ta | ||
| 008 | 220909b |||||||| |||| 00| 0 eng d | ||
| 020 | _a9781405156080 (pbk) | ||
| 024 | _a80797 | ||
| 037 | _b779, 19/03/2008, Educational Book Agency (India) | ||
| 037 | _cREF | ||
| 040 |
_aCSL _beng _cCSL |
||
| 041 | _aeng | ||
| 082 | _aG11331k, P8 RR | ||
| 100 | _aSingleton Paul | ||
| 245 | 0 | _aDictionary of DNA and genome technology | |
| 260 |
_aAustralia _bBlackwell Publishing _c2008 |
||
| 300 |
_axiii, 297p. _ccm. |
||
| 500 | _aAppendix 293-297p. | ||
| 650 | _a DNA-dictionary | ||
| 650 | _a Genetic engineering-Dictionaries | ||
| 650 | _a Genetic techniques | ||
| 650 | _a Genomics | ||
| 650 | _aBiology | ||
| 942 |
_hG11331k, P8 RR _cREF _2CC |
||
| 999 |
_c23515 _d23515 |
||